=LDR 00000nam 2200000 4500 =001 INLIS000000000042713 =990 ##$$a 01201901715 =005 20131008015523 =990 ##$$a 21400613/BPAP-NTB/20142014 =008 ***********************************ind** =990 ##$$a 0001/BPAP-NTB/20142015 =035 ##$$0010-101300000000635 =990 ##$$a 0001/BPAP-NTB/20142015 =041 ##$$a ind =990 ##$$a 0001/BPAP-NTB/20142015 =090 ##$$a 616.994 49, Wen l =990 ##$$a 0001/BPAP-NTB/20142015 =100 ##$$a Wenny Artanty Nisman =990 ##$$a 0001/BPAP-NTB/20142015 =245 ##$$a Lima menit kenali payudara anda, Kenali payudara anda terhindar dari kanker payudara, Wenny artanty nisman; Editor, Benedicta rini w =990 ##$$a 0001/BPAP-NTB/20142015 =260 ##$$a 2011 $b Yogyakarta =990 ##$$a 0001/BPAP-NTB/2015 =300 ##$$a Vi,42 hlm, 18 cm =990 ##$$a 0001/BPAP-NTB/2015 =650 ##$$a PAYUDARA - KANKER =990 ##$$a 0001/BPAP-NTB/2015 =850 ##$$a NBPNMAT =990 ##$$a 01201436166 =990 ##$$a 21400613/BPAP-NTB/20142014 =990 ##$$a 0001/BPAP-NTB/20142015 =990 ##$$a 0001/BPAP-NTB/20142015 =990 ##$$a 0001/BPAP-NTB/20142015 =990 ##$$a 0001/BPAP-NTB/20142015 =990 ##$$a 0001/BPAP-NTB/20142015 =990 ##$$a 0001/BPAP-NTB/20142015 =990 ##$$a 0001/BPAP-NTB/20142015 =990 ##$$a 0001/BPAP-NTB/2015 =990 ##$$a 0001/BPAP-NTB/2015 =990 ##$$a 0001/BPAP-NTB/2015 =990 ##$$a 1288312883 =990 ##$$a 17151715 =990 ##$$a 21400613/BPAP-NTB/20142014 =990 ##$$a 0001/BPAP-NTB/20142015 =990 ##$$a 0001/BPAP-NTB/20142015 =990 ##$$a 0001/BPAP-NTB/20142015 =990 ##$$a 0001/BPAP-NTB/20142015 =990 ##$$a 0001/BPAP-NTB/20142015 =990 ##$$a 0001/BPAP-NTB/20142015 =990 ##$$a 0001/BPAP-NTB/2015 =990 ##$$a 0001/BPAP-NTB/2015 =990 ##$$a 0001/BPAP-NTB/2015 =990 ##$$a 01201436166 =990 ##$$a 01201901715